Liedtexte zu Lied - Rammstein #1 - Statistiken

Allgemein
  • Dieses Quiz wurde 473 mal gespielt
  • Das Durchschnittsergebnis liegt bei 6 aus 10
Antwortstatistiken
Hint Antwort % Korrekt
Ich will dich nie verlassen Man kann dich lieben Und will dich hassen Deutschland
90%
Sie leben hinterm SonnenscheinGetrennt von uns unendlich weit Sie müssen sich an Sterne krallen Damit sie nicht vom Himmel fallen Engel
88%
Auf den Ästen in den Gräben Ist es nun still und ohne Leben Und das Atmen fällt mir ach so schwer Ohne dich
65%
Auf dem Kreuze lieg ich jetztSie schlagen mir die Nägel ein Das Feuer wäscht die Seele rein Und übrig bleibt ein Mundvoll Asche Asche zu Asche
64%
Der Zweitfuß stammelt ein GebetAus Angst weil es mir schlechter geht Versucht sich tiefer noch zu bücken Tränen laufen hoch den Rücken Bück dich
57%
Können Herzen singen Kann ein Herz zerspringen Können Herzen rein sein Kann ein Herz aus Stein sein Links 2 3 4
57%
Die Lanze muss im Fleisch ertrinken Fisch und Mann zur Tiefe sinken Wo die schwarze Seele wohnt Ist kein Licht am Horizont Ah-Ahoi Reise Reise
57%
Wo das Süße Wasser stirbt Weil es sich im Salz verdirbt Trag ich den kleinen Prinz im Sinn Ein König ohne Königin Mann gegen Mann
53%
Die Liebe ist ein wildes Tier Sie atmet dich sie sucht nach dir Nistet auf gebrochenen Herzen Geht auf Jagd bei Kuss und Kerzen Amour
39%
Sie sagten grundlos Schade um die Noten So schamlos Das gehört verboten Los
38%
Keine übereinstimmenden Quizze gefunden
Verteilung der Resultate
Anzahl Personen mit jedem Resultat
Perzentil nach korrekt beantworteten Fragen
Ihre Resultats-Entwicklung
Sie haben dieses Quiz noch nicht gespielt